000 00313nam a2200109Ia 4500
008 171211s9999 xx 000 0 und d
245 _aGun Digest Guide To Customizing Your Ar-15
245 _cKevin Muramatsu
260 _c2014
650 _xMilitary
856 _uhttp://down.ebook777.com/GunDigGuiToCusYouAr1.pdf
999 _c348348
_d348348